Normal view
MARC view
- Abdul Samad Usman | Ammad Ahmed | M. Saad Tariq
Entry Personal Name
001 - CONTROL NUMBER
- control field: 5076
003 - CONTROL NUMBER IDENTIFIER
- control field: NUST
005 - DATE AND TIME OF LATEST TRANSACTION
- control field: 20170928130655.0
008 - FIXED-LENGTH DATA ELEMENTS
- fixed length control field: 170928|| aca||aabn | a|a d
040 ## - CATALOGING SOURCE
- Original cataloging agency: NUST
- Transcribing agency: NUST
100 ## - HEADING--PERSONAL NAME
- Personal name: Abdul Samad Usman | Ammad Ahmed | M. Saad Tariq
670 ## - SOURCE DATA FOUND
- Source citation: Work cat.: (NUST): Abdul Samad Usman | Ammad Ahmed | M. Saad Tariq, Development of anthropomorphic robotic hand with basic finger movement capability, 2017
